00422 2200157 4500001002100000008004100021035002000062245005000082100001900132260004100151300002000192082000800212650001800220990001300238990001300251INLIS000000000000288 ind  a0010-0322000288 aTHE SNAKE AND THE MAN AND OTHER STORIEScIKHA aDIDIK DJUNAEDI aJAKARTAbPT. GADING INTI PRIMAc2015 a53 hlm.c25 cm. a823 aFIKSI INGGRIS a102475-1 a102475-2